000 00681cam a22002171a 4500
001 ne 63002254
003 DLC
005 20260227111751.0
008 910805s1963 ua a b 000 0 ararc
010 _ane 63002254
035 _a(OCoLC)24177362
040 _aPrinceton Univ. Libr. for DLC
_cMWalB
_dMWalB
_dDLC
042 _apremarc
050 0 0 _aHA29
_b.N85
100 2 _aNūr al-Dīn, Sulaymān,
_d1925-
245 1 3 _aal-Taḥlịl al-iḥṣāʻī /
_cSalaymān Nūr al-Dīn.
260 _a[al-Qāhirah]
_bDār al-Nahḍah al-ʻArabīyah,
_c[1963]
300 _a305 p. :
_bill. ;
_c24 cm.
504 _aIncludes bibliographical references (p. [306])
650 0 _aStatistics.
999 _c46379
_d46379